000 00361 a2200169 4500
001 186963
020 _a85-262-1519-1
040 _cMagnum
100 _aGóes, Lúcia Pimentel
240 1 0 _aPosso ir também?
_lpor
245 1 0 _aPosso ir também?
300 _a16
362 0 _a1990
440 1 _aScipione
697 _aLITERATURA INFANTIL
942 _cBK
999 _c186963
_d186963